| 000 | 00447nam a2200181Ia 4500 | ||
|---|---|---|---|
| 001 | 22469 | ||
| 005 | 20260414150833.0 | ||
| 008 | 260414t2005||||xx |||||||||||||| ||spa|| | ||
| 041 | _aESP | ||
| 082 |
_a621.3815 _bJ14 |
||
| 100 |
_aJaeger, Richard C. _eAUT |
||
| 245 | 0 |
_aDiseño de circuitos microelectrónicos _b |
|
| 260 | _c2005 | ||
| 300 |
_axxiii, 997 páginas : _c27 cm. |
||
| 650 | _aTCA | ||
| 654 | _aCET | ||
| 942 |
_cLIB _dJUS _fJUS _2ddc _n |
||
| 999 |
_c22469 _d22469 |
||